Religion Quiz

Random Religion or Numbers Quiz

Bible Books by Number of Chapters Quiz Stats

 Plays Quiz Updated Jul 16, 2015

Challenge
Share
Tweet
Embed
Score 0/12 Timer 03:00
1 Play Today
Number of Chapters Chapter Names % Correct
2-5Colossians, Habakkuk, Haggai, James, Joel, 1 John, Jonah, Lamentations, Malachi, Nahum, 1 Peter, 2 Peter, Philippians, Ruth, 1 Thessalonians, 2 Thessalonians, 2 Timothy, Titus, Zephaniah
84.3%
12 John, 3 John, Jude, Obadiah, Philemon
77.1%
51+Isaiah, Jeremiah, Psalms
77%
21-25John, Joshua, Judges, 1 Kings, 2 Kings, Luke, Revelation, 2 Samuel
76.9%
26-30Acts, 1 Chronicles, Leviticus, Matthew
74.8%
46-50Ezekiel, Genesis
73.9%
16-201 Corinthians, Mark, Romans
72.1%
6-10Amos, Ephesians, Esther, Ezra, Galatians, Micah, Song of Songs, 1 Timothy
71.4%
36-402 Chronicles, Exodus, Numbers
67.4%
31-35Deuteronomy, Proverbs, 1 Samuel
63.9%
11-152 Corinthians, Daniel, Ecclesiastes, Hebrews, Hosea, Nehemiah, Zechariah
62.9%
41-45Job
41.8%

You're not logged in!

Compare scores with friends on all Sporcle quizzes.
OR
Log In

You Might Also Like...

Show Comments

Extras

Top Quizzes Today


Score Distribution

Your Account Isn't Verified!

In order to create a playlist on Sporcle, you need to verify the email address you used during registration. Go to your Sporcle Settings to finish the process.

Report this User

Report this user for behavior that violates our Community Guidelines.

Details: